Most Streamed Lady Gaga Songs - Statistics

General Stats
  • This quiz has been taken 72 times
  • The average score is 14 of 20
Answer Stats
# Streams Answer % Correct
5 1,706,899,546 Bad Romance
95%
3 1,934,133,740 Poker Face
93%
2 2,938,828,335 Shallow
90%
1 3,162,588,411 Die With A Smile
86%
6 1,580,973,182 Just Dance
86%
8 997,754,326 Telephone
86%
16 633,210,886 Abracadabra
83%
15 683,042,344 Alejandro
81%
12 773,838,369 Born This Way
81%
9 995,155,725 Judas
78%
11 920,770,545 Paparazzi
78%
14 740,159,896 Applause
71%
4 1,745,911,130 Always Remember Us This Way
64%
7 1,200,296,478 Rain On Me
64%
17 600,167,810 LoveGame
61%
13 747,614,257 Bloody Mary
54%
10 960,244,448 Million Reasons
53%
19 414,001,884 Stupid Love
51%
18 418,174,632 I'll Never Love Again
34%
20 408,788,561 Sour Candy
29%
No matching quizzes found
Score Distribution
Percent of People with Each Score
Percentile by Number Answered
Your Score History
You have not taken this quiz